| 000 -ლიდერი |
| ფიქსირებული სიგრძის საკონტროლო ველი |
01177nam a2200241Ia 4500 |
| 001 - საკონტროლო ნომერი |
| საკონტროლო ველი |
20336 |
| 003 - საკონტროლო ნომრის იდენტიფიკატორი |
| საკონტროლო ველი |
GE_BSU |
| 005 - ბოლო ოპერაციის თარიღი და დრო |
| საკონტროლო ველი |
20200920172443.0 |
| 008 - ფიქსირებული სიგრძის მონაცემთა ელემენტები - ზოგადი ინფორმაცია |
| ფიქსირებული სიგრძის საკონტროლო ველი |
181216s1963||||ge |||||||||||||| ||geo|| |
| 040 ## - კატალოგიზაციის წყარო |
| Transcribing agency |
GE_BSU |
| 080 ## - უნივერსალური ათობითი კლასიფიკაციის ინდექსი |
| Universal Decimal Classification number |
811.353.1-84(075.8) ხ-89 |
| 100 ## - მთავარი ჩანაწერი - პიროვნების სახელი |
| Personal name |
ხუბუტია , პ. |
| 9 (RLIN) |
9543 |
| 245 ## - ცნობა სათაურის შესახებ |
| Title |
ქართული ენის სახელმძღვანელო არაქართველთათვის = Учебник грузинского языка : |
| Remainder of title |
ნაწ. I / |
| Statement of responsibility, etc |
პ. ხუბუტია ; რედ. ვ. ჭედია. |
| 264 ## - წარმოების, გამოცემის, დისტრიბუციის და სხვა ცნობები |
| გამოცემის, წარმოების, დისტრიბუციის... ადგილი |
თბილისი : |
| გამოცემის, წარმოების, დისტრიბუციის... სახელწოდება |
ცოდნა, |
| გამოცემის, წარმოების, დისტრიბუციის... თარიღი |
1963. |
| 300 ## - ფიზიკური აღწერა |
| Extent |
123 გვ. ; |
| Dimensions |
22 სმ. |
| 500 ## - ზოგადი შენიშვნა |
| General note |
თავფურცელი რუსულ ენაზე |
| 500 ## - ზოგადი შენიშვნა |
| General note |
პარალელური თავფურცელი ქართულ ენაზე |
| 653 ## - INDEX TERM--UNCONTROLLED |
| Uncontrolled term |
ქართული ენა |
| 653 ## - INDEX TERM--UNCONTROLLED |
| Uncontrolled term |
ქართული ენის სახელმძღვანელო არაქართველთათვის |
| 700 ## - ADDED ENTRY--PERSONAL NAME |
| Personal name |
ჭედია, ვ. |
| Relator term |
რედაქტორი |
| 9 (RLIN) |
9544 |
| 942 ## - ADDED ENTRY ELEMENTS (KOHA) |
| Koha item type |
წიგნი |
| Source of classification or shelving scheme |
|